Films avec Mélanie Doutey par image - Statistiques

Statistiques générales
  • Ce quiz a été pris 10 fois
  • Le résultat moyen est 4 sur 16
Statistiques - réponses
Par images Réponse % Correct
RTT
70%
Les Infidèles
40%
Le Temps des secrets
40%
Ce soir je dors chez toi
30%
Entre amis
30%
Jamais le premier soir
30%
La French
30%
Donne-moi des ailes
20%
La Fleur du mal
20%
On va s'aimer
20%
Président
20%
Rien de personnel
20%
Il ne faut jurer de rien
10%
Une petite zone de turbulences
10%
El Lobo
0%
Ma place au soleil
0%
Aucun quiz correspondant
Distribution des résultats
% des personnes avec chaque résultat
Percentile par nombre de réponses
Votre historique - résultats
Vous n’avez pas pris ce quiz